Материалы используемые в технологиях 3D прототипирования; Прогрессивные технологии и экономика в машиностроении

Detalhes bibliográficos
Parent link:Прогрессивные технологии и экономика в машиностроении.— 2014.— [С. 28-29]
Autor principal: Чудинова А. О.
Autor Corporativo: Национальный исследовательский Томский политехнический университет (ТПУ) Юргинский технологический институт (филиал) (ЮТИ) Кафедра металлургии и черных металлов (МЧМ)
Outros Autores: Бабакова Е. В. Елена Владимировна (научный руководитель)
Resumo:Заглавие с экрана
Idioma:russo
Publicado em: 2014
Colecção:Современное металлургическое производствои контроль качества
Assuntos:
Acesso em linha:http://earchive.tpu.ru/handle/11683/73649
Formato: Recurso Electrónico Capítulo de Livro
KOHA link:https://koha.lib.tpu.ru/cgi-bin/koha/opac-detail.pl?biblionumber=614648

MARC

LEADER 00000naa2a2200000 4500
001 614648
005 20241015145301.0
035 |a (RuTPU)RU\TPU\conf\12818 
035 |a RU\TPU\conf\12817 
090 |a 614648 
100 |a 20151009d2014 k y0rusy50 ca 
101 0 |a rus  |g rus 
102 |a RU 
105 |a y z 100zy 
135 |a drgn ---uucaa 
181 0 |a i  
182 0 |a b 
200 1 |a Материалы используемые в технологиях 3D прототипирования  |f А. О. Чудинова  |g науч. рук. Е. В. Бабакова 
203 |a Текст  |c электронный 
215 |a 1 файл(251 Кб) 
225 1 |a Современное металлургическое производствои контроль качества 
230 |a Электронные текстовые данные (1 файл: 251 Кб) 
300 |a Заглавие с экрана 
320 |a [Библиогр.: с. 29 (6 назв.)] 
337 |a Adobe Reader 
463 1 |0 (RuTPU)RU\TPU\conf\11902  |t Прогрессивные технологии и экономика в машиностроении  |o сборник трудов V Всероссийской научно-практической конференции для студентов и учащейся молодежи, 3-5 апреля 2014 г. Юрга  |f Национальный исследовательский Томский политехнический университет (ТПУ), Юргинский технологический институт (ЮТИ) ; отв. ред. Д. А. Чинахов  |v [С. 28-29]  |d 2014 
610 1 |a электронный ресурс 
610 1 |a труды учёных ТПУ 
610 1 |a технологии 
610 1 |a 3D-печать 
610 1 |a 3D-принтеры 
610 1 |a 3D-модели 
700 1 |a Чудинова  |b А. О. 
702 1 |a Бабакова  |b Е. В.  |c специалист в области машиностроения  |c старший преподаватель Юргинского технологического института (филиала) Томского политехнического университета  |f 1989-  |g Елена Владимировна  |2 stltpush  |4 727  |9 15803 
712 0 2 |a Национальный исследовательский Томский политехнический университет (ТПУ)  |b Юргинский технологический институт (филиал) (ЮТИ)  |b Кафедра металлургии и черных металлов (МЧМ)  |h 7136  |2 stltpush  |3 (RuTPU)RU\TPU\col\18892 
801 1 |a RU  |b 63413507  |c 20101016 
801 2 |a RU  |b 63413507  |c 20221102  |g RCR 
856 4 |u http://earchive.tpu.ru/handle/11683/73649 
942 |c BK